Vista normal Vista MARC

Entrada Personal Name

Número de registros utilizados en: 1

001 - CONTROL NUMBER

  • control field: 59367

003 - CONTROL NUMBER IDENTIFIER

  • control field: OSt

005 - DATE AND TIME OF LATEST TRANSACTION

  • control field: 20250319171250.0

008 - FIXED-LENGTH DATA ELEMENTS

  • fixed length control field: 250319|| aca||aabn | a|a d

040 ## - CATALOGING SOURCE

  • Original cataloging agency: OSt
  • Transcribing agency: OSt

100 ## - HEADING--PERSONAL NAME

  • Personal name: $a Tessaro $b Gek $d 1957$a

670 ## - SOURCE DATA FOUND

  • Source citation: Work cat.: (OSt)57062: $a Tessaro $b Gek $d 1957$a, $a Antes estaban los dinosaurios









Instituto Departamental de Cultura del Meta - Red Departamental de Bibliotecas Públicas del Meta.